000 00609nam a2200241Ia 4500
003 OSt
005 20221007082609.0
006 a|||||r|||| 00| 0
007 ta
008 221006b |||||||| |||| 00| 0 eng d
024 _a16,529
037 _cReports / Technical Reports
040 _aFLL
_cFLL
_beng
041 _2eng
_aeng
082 _aY:7.7.r, P3
110 _aGovt. of india
245 0 _aHuman development report 2003
260 _c2003
300 _a367p
_ccm.
700 _aGovt. of india
942 _hY:7.7.r, P3
_cREP
_2CC
999 _c1167004
_d1167004